History Quiz

Random History or Clickable Quiz

The Irish and the World Quiz Stats

 Plays Quiz not verified by Sporcle

Score 0/30 Timer 10:00
0 Plays Today
% Correct
Italy
83.5%
Poland
81.2%
Sweden
80%
Japan
72.9%
Myanmar
71.8%
Democratic Republic of the Congo
61.2%
Spain
56.5%
Ireland
55.3%
Mexico
55.3%
Kenya
52.9%
Paraguay
49.4%
UK
47.1%
Ethiopia
47.1%
Chile
45.9%
Germany
41.2%
% Correct
Isle of Man
40%
South Sudan
40%
Seychelles
37.6%
New Zealand
36.5%
France
31.8%
Barbados
31.8%
Jamaica
31.8%
USA
28.2%
Montserrat
28.2%
Canada
22.4%
Argentina
22.4%
Austria
21.2%
Australia
16.5%
Northern Mariana Islands
15.3%
South Africa
14.1%

You're not logged in!

Compare scores with friends on all Sporcle quizzes.
OR
Log In

Sporcle TV

Today on Sporcle TV


Watch our educational content, quiz creation guides, and fun videos on Sporcle TV.

Show Comments

Extras

Top Quizzes Today


Score Distribution

Your Account Isn't Verified!

In order to create a playlist on Sporcle, you need to verify the email address you used during registration. Go to your Sporcle Settings to finish the process.

Report this User

Report this user for behavior that violates our Community Guidelines.

Details: